logo

Bir Sreshtho Munshi Abdur Rouf Library
Jhenaidah Cadet College

সৌভাগ্যের পরশমনি / (Record no. 1765)

MARC details
000 -LEADER
fixed length control field 00659nam a2200217 a 4500
001 - CONTROL NUMBER
JCCL Control Number 1765
003 - CONTROL NUMBER IDENTIFIER
JCCL marc code BD-JhCC
005 - DATE AND TIME OF LATEST TRANSACTION
control field 20171029122755.0
008 - FIXED-LENGTH DATA ELEMENTS--GENERAL INFORMATION
fixed length control field 171024s1979 bg |||| ||a| 000 0 ben d
035 ## - SYSTEM CONTROL NUMBER
system control number (BD-JhCC) 1765
040 ## - CATALOGING SOURCE
Original cataloging agency BD-JhCC
Modifying agency BD-JhCC
041 ## - LANGUAGE CODE
Language code of Book eng
082 ## - DEWEY DECIMAL CLASSIFICATION NUMBER
Classification number 297
Author mark and Year GAJ 1979
100 ## - MAIN ENTRY--PERSONAL NAME
Personal name গাযযালী, হযরত ইমাম
245 ## - TITLE STATEMENT
Title সৌভাগ্যের পরশমনি /
Statement of responsibility, etc হযরত ইমাম গাযযালী
260 ## - PUBLICATION, DISTRIBUTION, ETC. (IMPRINT)
Place of publication, distribution, etc ঢাকা :
Name of publisher, distributor, etc আহমদ পাবলিশিং হাউস ,
Date of publication, distribution, etc 1979
300 ## - PHYSICAL DESCRIPTION
Pagination 240 p .:
Dimensions 22 cm .
650 ## - SUBJECT ADDED ENTRY--TOPICAL TERM
Topical term or geographic name as entry element Islam
942 ## - ADDED ENTRY ELEMENTS (KOHA)
Source of classification or shelving scheme Dewey Decimal Classification
Koha item type Books
Holdings
Source of classification or shelving scheme Damaged status Not for loan Home library Current library Shelving location Date of accession Cost, normal purchase price Total Checkouts Full call number Barcode Date last seen Copy number Koha item type
Dewey Decimal Classification     JCC Rouf Library JCC Rouf Library General Stacks 10/24/2017 20.00   297 GAJ 1979 2389 10/24/2017 C-1 Books
Dewey Decimal Classification     JCC Rouf Library JCC Rouf Library General Stacks 01/22/2018 20.00   297 GAJ 1979 576 01/22/2018 C-2 Books

JCC Library | Contacts | JCC Home

Last Update on 23 September 2017
Copyright @ 2017-2020 JCC Rouf Library
Rouf Library, Jhenidah Cadet College (JCC), Bangladesh